[Event "Moscow op-A 17th"]
[Site "Moscow"]
[Date "2021.02.25"]
[Round "6"]
[White "Shoshin, Kirill"]
[Black "Agkatsev, Albert A"]
[Result "1-0"]
[WhiteElo "2030"]
[BlackElo "1550"]
[PlyCount "179"]
[EventDate "2021.02.20"]
[EventType "swiss"]
[EventRounds "9"]
[EventCountry "RUS"]
[SourceTitle "CBM 200 Extra"]
[Source "ChessBase"]
[SourceDate "2021.03.31"]
[SourceVersion "1"]
[SourceVersionDate "2021.03.31"]
[SourceQuality "1"]

1. d4 d5 2. c4 c6 3. e3 Nf6 4. Nf3 e6 5. Nbd2 Nbd7 6. b3 Bd6 7. Bb2 0-0 8. Bd3 Qc7 9. c5 Be7 10. 0-0 b6 11. b4 a5 12. a3 Ba6 13. Qe2 Bxd3 14. Qxd3 Rfb8 15. Bc3 Ra7 16. Rfb1 axb4 17. axb4 Rba8 18. Rxa7 Rxa7 19. Qc2 Ra6 20. Qb2 Qa7 21. Ra1 h6 22. Ne1 bxc5 23. bxc5 Rxa1 24. Qxa1 Qb7 25. Nd3 Qb5 26. Nb4 Nb8 27. Qf1 Qa4 28. f3 e5 29. Qa1 Qb5 30. Kf2 Nfd7 31. Qb2 exd4 32. exd4 Bf6 33. Nxd5 Bxd4+ 34. Bxd4 Qxb2 35. Ne7+ Kf8 36. Bxb2 Kxe7 37. Bxg7 h5 38. Bd4 Na6 39. Ne4 Ke6 40. h4 Kd5 41. Ke3 f5 42. Nc3+ Kc4 43. Ne2 Naxc5 44. Nf4 Nf8 45. Bg7 Nfe6 46. Nxh5 f4+ 47. Kd2 Nb3+ 48. Ke1 Nxg7 49. Nxg7 Kd5 50. Ke2 Nc5 51. Nf5 Ke5 52. Ne7 Kf6 53. Nxc6 Kg6 54. Ne7+ Kh5 55. Nf5 Kg6 56. g4 fxg3 57. Nxg3 Nb7 58. Ke3 Nd6 59. Kf4 Nc4 60. Ke4 Nd2+ 61. Ke3 Nc4+ 62. Kd3 Ne5+ 63. Ke4 Nc4 64. Kd3 Ne5+ 65. Ke4 Nc4 66. f4 Nd2+ 67. Ke3 Nc4+ 68. Kd4 Nd2 69. f5+ Kh6 70. Ke3 Nb3 71. Kf4 Nd4 72. Ke4 Nb5 73. Ke5 Kg7 74. Ne4 Na3 75. Ke6 Nb5 76. Ke7 Nc7 77. f6+ Kg6 78. h5+ Kh7 79. f7 Nd5+ 80. Kd6 Kg7 81. Kxd5 Kxf7 82. Ke5 Kg7 83. Kf5 Kh6 84. Ng3 Kh7 85. Kg5 Kg7 86. h6+ Kf7 87. Nf5 Kg8 88. Kg6 Kh8 89. Nd6 Kg8 90. Nf7 1-0

[Event "Moscow op-A 17th"]
[Site "Moscow"]
[Date "2021.02.24"]
[Round "5"]
[White "Agkatsev, Albert A"]
[Black "Yakimenko, Alexander A"]
[Result "0-1"]
[WhiteElo "1550"]
[BlackElo "2122"]
[PlyCount "74"]
[EventDate "2021.02.20"]
[EventType "swiss"]
[EventRounds "9"]
[EventCountry "RUS"]
[SourceTitle "CBM 200 Extra"]
[Source "ChessBase"]
[SourceDate "2021.03.31"]
[SourceVersion "1"]
[SourceVersionDate "2021.03.31"]
[SourceQuality "1"]

1. Nf3 e6 2. g3 Nf6 3. Bg2 b6 4. c4 Bb7 5. 0-0 c5 6. Nc3 Be7 7. b3 d6 8. Bb2 Nbd7 9. Qc2 0-0 10. Rad1 a6 11. Ne1 Bxg2 12. Nxg2 Qc7 13. e4 Rfe8 14. Ne3 Qb7 15. a4 Ne5 16. f4 Nc6 17. d3 Nd4 18. Qf2 Rf8 19. Ba3 b5 20. b4 cxb4 21. Bxb4 a5 22. Bxd6 Bxd6 23. e5 Bb4 24. exf6 Bxc3 25. fxg7 Rfd8 26. cxb5 Nf5 27. Nc2 Bxg7 28. g4 Nd4 29. Ne3 f5 30. h3 Rd7 31. Qa2 Kh8 32. g5 Nf3+ 33. Kf2 Nh2 34. Rfe1 Qf3+ 35. Kg1 Qg3+ 36. Kh1 Nf3 37. Qg2 Qxg2+ 0-1

[Event "Wch-ch U10 rapid"]
[Site "Minsk"]
[Date "2019.08.16"]
[Round "3"]
[White "Samunenkov, Igor"]
[Black "Agkatsev, Albert A"]
[Result "1/2-1/2"]
[WhiteElo "2040"]
[BlackElo "1507"]
[PlyCount "91"]
[EventDate "2019.08.16"]
[EventType "swiss (rapid)"]
[EventRounds "9"]
[EventCountry "BLR"]
[SourceTitle "EXT 2020"]
[Source "ChessBase"]
[SourceDate "2019.10.17"]
[SourceVersion "1"]
[SourceVersionDate "2019.10.17"]
[SourceQuality "1"]

1. Nf3 Nf6 2. d4 d5 3. g3 Bf5 4. c4 e6 5. Nc3 Bb4 6. Qa4+ Nc6 7. Ne5 Bxc3+ 8. bxc3 0-0 9. Nxc6 bxc6 10. Qxc6 Ne4 11. Ba3 Re8 12. Rc1 Qg5 13. e3 Qh5 14. Bg2 Ng5 15. f4 Nf3+ 16. Kf2 Nd2 17. cxd5 exd5 18. Qxd5 Rad8 19. Qb5 Qg6 20. Qe2 Ne4+ 21. Bxe4 Rxe4 22. Rhe1 Rde8 23. Kg1 Bg4 24. Qf2 Qe6 25. Bc5 f5 26. Rb1 a6 27. Rbc1 Rxe3 28. Rxe3 Qxe3 29. Qxe3 Rxe3 30. Rc2 Re1+ 31. Kg2 Re2+ 32. Rxe2 Bxe2 33. d5 Bc4 34. d6 cxd6 35. Bxd6 Bxa2 36. Kf3 Kf7 37. Ke3 Ke6 38. Be5 g6 39. Kd4 Kd7 40. Kc5 h5 41. h4 a5 42. c4 a4 43. Kb5 a3 44. Bd4 Bb1 45. c5 Be4 46. Kb6 1/2-1/2